[Event "34. Abierto Collado Villalba 2017"]
[Site "Collado Villalba ESP"]
[Date "2017.08.29"]
[Round "8.5"]
[White "Valles Moreno, Ivan"]
[Black "Villacorta Nicolas, David"]
[Result "1-0"]
[WhiteElo "2435"]
[BlackElo "2048"]
[PlyCount "81"]
[EventDate "2017.08.22"]
[EventType "swiss"]
[EventRounds "9"]
[EventCountry "ESP"]
[SourceTitle "Ajedrez en Madrid"]
[Source "lmi"]
[SourceDate "2017.08.22"]
[SourceVersion "1"]
[SourceVersionDate "2018.03.05"]
[SourceQuality "1"]

1. e4 e5 2. Nf3 Nc6 3. Bc4 Bc5 4. d3 Nf6 5. O-O d6 6. c3 a6 7. Bb3 Ba7 8. Qe2
h6 9. Nbd2 O-O 10. Nc4 Be6 11. Bc2 Re8 12. a4 b5 13. Ne3 b4 14. a5 Rb8 15. Ba4
Bd7 16. Bxc6 Bxc6 17. c4 Bd7 18. b3 Nh7 19. Kh1 Nf8 20. Rb1 Ng6 21. Nf5 Ne7 22.
g4 h5 23. h3 hxg4 24. hxg4 Ng6 25. Rg1 f6 26. g5 Kf7 27. gxf6 Rh8+ 28. Nh2 gxf6
29. Rxg6 Kxg6 30. Qg4+ Kf7 31. Qg7+ Ke6 32. Bh6 Rxh6 33. Nxh6 Qf8 34. Rg1 Bxf2
35. Rg2 Be3 36. N6g4 Bg5 37. Qg6 Be8 38. Qh7 Bd7 39. Nf3 Qf7 40. Rh2 Rg8 41. d4
1-0

[Event "34. Abierto Collado Villalba 2017"]
[Site "Collado Villalba ESP"]
[Date "2017.08.29"]
[Round "8.6"]
[White "Garrido Olivares, Ricard"]
[Black "Mkrtchyan, Levon"]
[Result "1/2-1/2"]
[WhiteElo "2167"]
[BlackElo "1964"]
[PlyCount "134"]
[EventDate "2017.08.22"]
[EventType "swiss"]
[EventRounds "9"]
[EventCountry "ESP"]
[SourceTitle "Ajedrez en Madrid"]
[Source "lmi"]
[SourceDate "2017.08.22"]
[SourceVersion "1"]
[SourceVersionDate "2018.03.05"]
[SourceQuality "1"]

1. Nf3 Nf6 2. d4 c5 3. d5 e6 4. Nc3 d6 5. e4 exd5 6. exd5 Be7 7. Bb5+ Nbd7 8.
a4 O-O 9. h3 a6 10. Bc4 Nb6 11. Be2 Bf5 12. a5 Nbd7 13. Nh4 Bg6 14. Nxg6 hxg6
15. O-O Re8 16. f4 Bf8 17. Bd3 b5 18. axb6 Qxb6 19. Kh2 Qb7 20. b3 Nb6 21. f5
gxf5 22. Rxf5 Nbd7 23. Bg5 Re5 24. Rxe5 dxe5 25. Qf3 Bd6 26. Kh1 Qb4 27. Bd2
Qb6 28. Ra4 g6 29. Bg5 Nh7 30. Bd2 Bf8 31. Bc4 Qb7 32. Qe2 a5 33. Bb5 Qc7 34.
Bc6 Rd8 35. Nb5 Qb8 36. Bxa5 Nb6 37. Bxb6 Qxb6 38. Qxe5 Bg7 39. Qc7 Qxc7 40.
Nxc7 Nf6 41. b4 cxb4 42. Rxb4 Bf8 43. Ra4 Rb8 44. Ra1 Rb2 45. c4 Ne4 46. Nb5
Rc2 47. Re1 f5 48. d6 Nxd6 49. Bd5+ Kg7 50. Nd4 Rc3 51. Ne6+ Kg8 52. Nxf8+ Kxf8
53. Re6 Nxc4 54. Rc6 Ne3 55. Rxc3 Nxd5 56. Ra3 Kf7 57. Kh2 Kf6 58. Kg3 Kg5 59.
Kf3 Nf6 60. Ra4 Kh6 61. Kf4 Nh5+ 62. Ke5 Kg5 63. Ke6 Nf4+ 64. Rxf4 Kxf4 65. Kf6
Kg3 66. Kxg6 Kxg2 67. Kxf5 Kxh3 1/2-1/2

[Event "34. Abierto Collado Villalba 2017"]
[Site "Collado Villalba ESP"]
[Date "2017.08.29"]
[Round "8.7"]
[White "Perez Ordoñez, Jose Ramon"]
[Black "Cao Armillas, Jesus"]
[Result "1-0"]
[WhiteElo "2120"]
[BlackElo "2204"]
[PlyCount "103"]
[EventDate "2017.08.22"]
[EventType "swiss"]
[EventRounds "9"]
[EventCountry "ESP"]
[SourceTitle "Ajedrez en Madrid"]
[Source "lmi"]
[SourceDate "2017.08.22"]
[SourceVersion "1"]
[SourceVersionDate "2018.03.05"]
[SourceQuality "1"]

1. Nf3 g6 2. c4 Bg7 3. g3 e5 4. Nc3 c5 5. Bg2 Nc6 6. d3 Nge7 7. O-O O-O 8. a3
d5 9. cxd5 Nxd5 10. Bd2 Rb8 11. Nxd5 Qxd5 12. Rc1 Qd6 13. Qc2 b6 14. b4 Bd7 15.
bxc5 bxc5 16. Qxc5 Qxc5 17. Rxc5 Rfe8 18. Re1 Bf8 19. Rc3 Rb6 20. Bc1 Reb8 21.
Nd2 Ra6 22. e3 Nd8 23. h4 Ne6 24. Nc4 Rb5 25. Bd2 Bg7 26. Rec1 e4 27. d4 f5 28.
Bf1 Ra4 29. Ne5 Rxe5 30. dxe5 Bxe5 31. Rb3 g5 32. Bb5 Bxb5 33. Rxb5 Bc7 34.
Rxc7 Nxc7 35. Rb8+ Kf7 36. Rb7 Ke6 37. Rxc7 gxh4 38. Bb4 hxg3 39. fxg3 Ra6 40.
Rxh7 Kd5 41. Rh5 Rg6 42. Kf2 Ke6 43. Rh7 a6 44. Rc7 Kd5 45. Rc5+ Kd6 46. Rxf5+
Kc7 47. Re5 Kb6 48. Rxe4 a5 49. Bf8 Rc6 50. Rf4 Kb5 51. g4 Re6 52. g5 1-0

[Event "34. Abierto Collado Villalba 2017"]
[Site "Collado Villalba ESP"]
[Date "2017.08.29"]
[Round "8.8"]
[White "Robles Diaz, Jose Alberto"]
[Black "Semprun Martinez, Fernando"]
[Result "0-1"]
[WhiteElo "2088"]
[BlackElo "2193"]
[PlyCount "96"]
[EventDate "2017.08.22"]
[EventType "swiss"]
[EventRounds "9"]
[EventCountry "ESP"]
[SourceTitle "Ajedrez en Madrid"]
[Source "lmi"]
[SourceDate "2017.08.22"]
[SourceVersion "1"]
[SourceVersionDate "2018.03.05"]
[SourceQuality "1"]

1. c4 Nf6 2. Nf3 g6 3. g3 Bg7 4. Bg2 c6 5. O-O O-O 6. d4 d5 7. cxd5 cxd5 8. Nc3
Ne4 9. Ne5 f6 10. Nd3 f5 11. Qb3 e6 12. Ne5 Nc6 13. Nxc6 bxc6 14. Nxe4 fxe4 15.
Qc3 Qb6 16. Be3 Ba6 17. Rfe1 Rab8 18. Bh3 Bc8 19. b3 c5 20. dxc5 Bxc3 21. cxb6
axb6 22. Rec1 Bxa1 23. Rxa1 e5 24. Bf1 Be6 25. Bg5 Kf7 26. a4 d4 27. b4 Bc4 28.
Bg2 Bxe2 29. Bxe4 Ke6 30. f4 d3 31. Kf2 exf4 32. gxf4 Rfc8 33. Ra3 Rc4 34. Bxd3
Bxd3 35. Rxd3 Rxb4 36. Re3+ Kd5 37. Re5+ Kd4 38. Re7 Rxa4 39. Rxh7 b5 40. Rd7+
Ke4 41. Re7+ Kd3 42. Re3+ Kd4 43. Re6 Ra2+ 44. Kg3 b4 45. Rxg6 b3 46. Bf6+ Ke4
47. Rg7 b2 48. Re7+ Kf5 0-1

[Event "34. Abierto Collado Villalba 2017"]
[Site "Collado Villalba ESP"]
[Date "2017.08.29"]
[Round "8.9"]
[White "Angelina Vela, Carlos"]
[Black "Rodriguez Melendez, Juan Humbert"]
[Result "1/2-1/2"]
[WhiteElo "2098"]
[BlackElo "2160"]
[PlyCount "119"]
[EventDate "2017.08.22"]
[EventType "swiss"]
[EventRounds "9"]
[EventCountry "ESP"]
[SourceTitle "Ajedrez en Madrid"]
[Source "lmi"]
[SourceDate "2017.08.22"]
[SourceVersion "1"]
[SourceVersionDate "2018.03.05"]
[SourceQuality "1"]

1. d4 Nf6 2. Nf3 g6 3. g3 Bg7 4. Bg2 c5 5. d5 O-O 6. O-O d6 7. Nc3 Na6 8. Nd2
Nc7 9. a4 b6 10. e4 Rb8 11. Re1 Nd7 12. h3 a6 13. Nc4 Ne5 14. Nxe5 dxe5 15. Be3
Qd6 16. Qd2 Bd7 17. Bh6 Ra8 18. Bxg7 Kxg7 19. Qe2 b5 20. b3 h6 21. f4 Rfc8 22.
Qf2 Rab8 23. f5 g5 24. axb5 axb5 25. Nd1 Ra8 26. Ne3 f6 27. h4 Qb6 28. Bf3 Ne8
29. Kg2 Nd6 30. hxg5 hxg5 31. c3 Ra5 32. Nc2 Qc7 33. Qd2 Rca8 34. Rxa5 Rxa5 35.
Rh1 Ra8 36. Kf1 Rh8 37. Rxh8 Kxh8 38. Ne3 Kg7 39. Qa2 Qb6 40. Ke2 Nb7 41. Bh5
Qa5 42. Qxa5 Nxa5 43. b4 Nb7 44. Kd3 Kh6 45. Bf3 Be8 46. g4 Kg7 47. Nc2 Kf8 48.
Na3 Bd7 49. Ke3 cxb4 50. cxb4 Nd6 51. Be2 Ke8 52. Bd3 Kd8 53. Kd2 Kc7 54. Kc3
Kb6 55. Kb3 Bc8 56. Kc3 Bb7 57. Kd2 Ba6 58. Kc3 Bb7 59. Kd2 Ba6 60. Kc3 1/2-1/2

[Event "34. Abierto Collado Villalba 2017"]
[Site "Collado Villalba ESP"]
[Date "2017.08.29"]
[Round "8.10"]
[White "Aziz Ortego, Omar Luis"]
[Black "Arauz Alonso, Fernando"]
[Result "1/2-1/2"]
[WhiteElo "2069"]
[BlackElo "2140"]
[PlyCount "144"]
[EventDate "2017.08.22"]
[EventType "swiss"]
[EventRounds "9"]
[EventCountry "ESP"]
[SourceTitle "Ajedrez en Madrid"]
[Source "lmi"]
[SourceDate "2017.08.22"]
[SourceVersion "1"]
[SourceVersionDate "2018.03.05"]
[SourceQuality "1"]

1. d4 d5 2. f4 c5 3. e3 Nc6 4. c3 Bf5 5. Nf3 e6 6. Be2 Bd6 7. O-O Nge7 8. Nh4
Qc7 9. Na3 a6 10. Nxf5 Nxf5 11. Nc2 b5 12. Bd3 c4 13. Be2 O-O 14. Qe1 g6 15.
Bf3 Rab8 16. e4 dxe4 17. Bxe4 Nce7 18. Bd2 Rfe8 19. Ne3 Nxe3 20. Qxe3 f5 21.
Bc2 Nd5 22. Qf3 b4 23. g3 bxc3 24. bxc3 Rb2 25. Rfc1 Ba3 26. Be1 Qc6 27. Qd1
Reb8 28. Qe2 Kf7 29. Qf3 Nb4 30. Qxc6 Nxc6 31. Ba4 Ne7 32. Rc2 Nd5 33. Rxb2
Bxb2 34. Rb1 Rb6 35. Kf1 Ke7 36. Bd1 Kd6 37. Bd2 Kc7 38. Be2 Bxc3 39. Rxb6 Kxb6
40. Bxc3 Nxc3 41. Bxc4 Nd5 42. Ke2 a5 43. a3 Kc6 44. Kd3 Kd6 45. Bb5 Nb6 46.
Be8 Ke7 47. Bc6 Kd6 48. Bf3 Kc7 49. h4 Kd6 50. h5 gxh5 51. Bxh5 h6 52. Bf3 Kc7
53. d5 exd5 54. Kd4 Kd6 55. Bg2 Nc4 56. Bxd5 Nxa3 57. Bf3 Nc2+ 58. Kc3 Nb4 59.
Kc4 Nc2 60. Be2 Ne3+ 61. Kd4 Nd5 62. Bd3 Ne7 63. Kc4 Ke6 64. Kc5 Kf6 65. Be2
Ke6 66. Bc4+ Kf6 67. Kb5 h5 68. Kxa5 Ng6 69. Bd3 h4 70. gxh4 Nxf4 71. Bxf5 Kxf5
72. h5 Nxh5 1/2-1/2

[Event "34. Abierto Collado Villalba 2017"]
[Site "Collado Villalba ESP"]
[Date "2017.08.29"]
[Round "8.11"]
[White "Rodrigo Yanguas, Maria"]
[Black "Rodriguez De Robles, Ignacio"]
[Result "1-0"]
[WhiteElo "2076"]
[BlackElo "1858"]
[PlyCount "55"]
[EventDate "2017.08.22"]
[EventType "swiss"]
[EventRounds "9"]
[EventCountry "ESP"]
[SourceTitle "Ajedrez en Madrid"]
[Source "lmi"]
[SourceDate "2017.08.22"]
[SourceVersion "1"]
[SourceVersionDate "2018.03.05"]
[SourceQuality "1"]

1. e4 g6 2. d4 Bg7 3. Nc3 c6 4. Bc4 d6 5. Qf3 f5 6. exf5 Bxf5 7. g4 d5 8. gxf5
dxc4 9. fxg6 hxg6 10. Qe4 Qxd4 11. Qxg6+ Kf8 12. Nge2 Qf6 13. Nf4 Rh6 14. Qg4
Na6 15. Bd2 Qe5+ 16. Be3 Rd8 17. Ng6+ Rxg6 18. Qxg6 Nb4 19. Rd1 Rxd1+ 20. Nxd1
Nf6 21. O-O Nbd5 22. c3 Nf4 23. Bxf4 Qxf4 24. Ne3 e6 25. Rd1 Ne4 26. Rd8+ Ke7
27. Re8+ Kd7 28. Qxe6+ 1-0

[Event "34. Abierto Collado Villalba 2017"]
[Site "Collado Villalba ESP"]
[Date "2017.08.29"]
[Round "8.12"]
[White "Unciti Juan, Javier"]
[Black "Perez Pascual, Arturo"]
[Result "1-0"]
[WhiteElo "2040"]
[BlackElo "1832"]
[PlyCount "45"]
[EventDate "2017.08.22"]
[EventType "swiss"]
[EventRounds "9"]
[EventCountry "ESP"]
[SourceTitle "Ajedrez en Madrid"]
[Source "lmi"]
[SourceDate "2017.08.22"]
[SourceVersion "1"]
[SourceVersionDate "2018.03.05"]
[SourceQuality "1"]

1. e4 e5 2. f4 Bc5 3. Nf3 d6 4. Bc4 Nf6 5. d3 h6 6. Nc3 Nc6 7. Na4 Bb6 8. Nxb6
axb6 9. O-O Na5 10. fxe5 dxe5 11. Bxf7+ Kxf7 12. Nxe5+ Ke8 13. Ng6 Qd4+ 14. Kh1
Bg4 15. Qe1 Rg8 16. e5 Kf7 17. Rf4 Qd7 18. exf6 Kxg6 19. Qg3 h5 20. h3 gxf6 21.
hxg4 hxg4 22. Qxg4+ Kf7 23. Qxd7+ 1-0

[Event "34. Abierto Collado Villalba 2017"]
[Site "Collado Villalba ESP"]
[Date "2017.08.29"]
[Round "8.13"]
[White "Lopez De Turiso, Jose Angel"]
[Black "Martinez Belen, Alejandro"]
[Result "1-0"]
[WhiteElo "2035"]
[BlackElo "1800"]
[PlyCount "67"]
[EventDate "2017.08.22"]
[EventType "swiss"]
[EventRounds "9"]
[EventCountry "ESP"]
[SourceTitle "Ajedrez en Madrid"]
[Source "lmi"]
[SourceDate "2017.08.22"]
[SourceVersion "1"]
[SourceVersionDate "2018.03.05"]
[SourceQuality "1"]

1. e4 c6 2. d4 d5 3. exd5 cxd5 4. Bd3 Nf6 5. Bf4 e6 6. Nd2 Bd6 7. Bg3 O-O 8. c3
b6 9. Qe2 Bb7 10. Bxd6 Qxd6 11. Ngf3 h6 12. Ne5 Nc6 13. f4 Qe7 14. O-O-O Rfc8
15. Kb1 b5 16. Bxb5 Nxe5 17. dxe5 Ne4 18. Nxe4 dxe4 19. Rd7 Qc5 20. Rxb7 a6 21.
Ba4 Qd5 22. Rd7 Qa5 23. Bb3 Rab8 24. Qxe4 Qb5 25. Rhd1 a5 26. Qd3 Qb6 27. Rd6
Qb7 28. Qc2 g6 29. Bxe6 fxe6 30. Qxg6+ Qg7 31. Qxe6+ Qf7 32. Qxf7+ Kxf7 33. Kc2
Rc5 34. R1d4 1-0

[Event "34. Abierto Collado Villalba 2017"]
[Site "Collado Villalba ESP"]
[Date "2017.08.29"]
[Round "8.14"]
[White "Elguezabal Selioutin, Dario"]
[Black "Cabañas Bravo, Juan Andres"]
[Result "1-0"]
[WhiteElo "1844"]
[BlackElo "2023"]
[PlyCount "93"]
[EventDate "2017.08.22"]
[EventType "swiss"]
[EventRounds "9"]
[EventCountry "ESP"]
[SourceTitle "Ajedrez en Madrid"]
[Source "lmi"]
[SourceDate "2017.08.22"]
[SourceVersion "1"]
[SourceVersionDate "2018.03.05"]
[SourceQuality "1"]

1. d4 Nf6 2. Nf3 g6 3. Bg5 Bg7 4. Nbd2 d5 5. e3 O-O 6. Bd3 c5 7. c3 Qb6 8. Qb3
Nc6 9. O-O c4 10. Qxb6 axb6 11. Bc2 b5 12. e4 dxe4 13. Nxe4 Nd5 14. a3 b6 15.
Rfe1 Ra7 16. Nfd2 Bf5 17. b3 cxb3 18. Bxb3 Be6 19. Reb1 Rd8 20. a4 b4 21. c4
Nc3 22. d5 Nxb1 23. Rxb1 f5 24. Ng3 Bc3 25. dxc6 Bxd2 26. Bxd2 Rxd2 27. c5 bxc5
28. Bxe6+ Kg7 29. Rc1 Kf6 30. Rxc5 Rd1+ 31. Nf1 Rc7 32. Bd7 Ra1 33. a5 e6 34.
Rb5 Ke7 35. Rxb4 Rxa5 36. Rb8 e5 37. Rh8 h5 38. h4 Ra1 39. Re8+ Kd6 40. Re6+
Kd5 41. Rxg6 Rc1 42. Rg5 Ra7 43. Rxf5 Raa1 44. Kh2 Kd6 45. Ne3 Rh1+ 46. Kg3
Rac1 47. Rxh5 1-0

[Event "34. Abierto Collado Villalba 2017"]
[Site "Collado Villalba ESP"]
[Date "2017.08.29"]
[Round "8.16"]
[White "Lopez Heras, Arturo"]
[Black "Lacrosse, Marc"]
[Result "0-1"]
[WhiteElo "1890"]
[BlackElo "2173"]
[PlyCount "88"]
[EventDate "2017.08.22"]
[EventType "swiss"]
[EventRounds "9"]
[EventCountry "ESP"]
[SourceTitle "Ajedrez en Madrid"]
[Source "lmi"]
[SourceDate "2017.08.22"]
[SourceVersion "1"]
[SourceVersionDate "2018.03.05"]
[SourceQuality "1"]

1. d4 d5 2. c4 e6 3. Nc3 Nf6 4. cxd5 exd5 5. Bg5 a6 6. e3 Nbd7 7. Bd3 Be7 8.
Nf3 O-O 9. O-O Re8 10. Qc2 Nf8 11. Rae1 Be6 12. Ne5 N6d7 13. Bxe7 Qxe7 14. f4
f6 15. Nf3 Qd6 16. Nh4 c5 17. Nf5 Bxf5 18. Bxf5 g6 19. Bd3 c4 20. Be2 Rxe3 21.
Bf3 Rae8 22. Rxe3 Rxe3 23. Qf2 Re8 24. Bxd5+ Kg7 25. Bxc4 b6 26. Rd1 b5 27. Bb3
b4 28. Nd5 a5 29. Ne3 Re4 30. g3 Nb6 31. Bc2 Re7 32. h4 Qe6 33. Re1 Qd6 34. h5
Kh8 35. hxg6 hxg6 36. Ng2 Rxe1+ 37. Nxe1 Kg7 38. Nf3 Ne6 39. f5 gxf5 40. Bxf5
Nc4 41. b3 Nb6 42. Kf1 Nd5 43. Qh2 Ne3+ 44. Ke2 Nxf5 0-1

[Event "34. Abierto Collado Villalba 2017"]
[Site "Collado Villalba ESP"]
[Date "2017.08.29"]
[Round "8.17"]
[White "Garcia Galeote, Lorenzo"]
[Black "Andrade Sandoval, Bianca"]
[Result "1-0"]
[WhiteElo "1985"]
[BlackElo "1880"]
[PlyCount "53"]
[EventDate "2017.08.22"]
[EventType "swiss"]
[EventRounds "9"]
[EventCountry "ESP"]
[SourceTitle "Ajedrez en Madrid"]
[Source "lmi"]
[SourceDate "2017.08.22"]
[SourceVersion "1"]
[SourceVersionDate "2018.03.05"]
[SourceQuality "1"]

1. d4 Nf6 2. Nf3 e6 3. e3 d5 4. Bd3 c5 5. c3 Nc6 6. Nbd2 Bd6 7. O-O O-O 8. Qe2
c4 9. Bc2 b5 10. e4 dxe4 11. Nxe4 Nxe4 12. Qxe4 f5 13. Qxc6 Rb8 14. Bg5 Bb7 15.
Bxd8 Bxc6 16. Ba5 Rf6 17. Ne5 Bd5 18. f3 Rh6 19. Bb4 Bc7 20. Be7 Rh5 21. a4
bxa4 22. Rfb1 Rb7 23. Bc5 Rg5 24. Kf2 Rh5 25. Rxa4 a5 26. Nxc4 Bc6 27. Raa1 1-0

[Event "34. Abierto Collado Villalba 2017"]
[Site "Collado Villalba ESP"]
[Date "2017.08.29"]
[Round "8.18"]
[White "Perez Vazquez, Manuel"]
[Black "Erice Alonso, Santiago"]
[Result "1/2-1/2"]
[WhiteElo "1856"]
[BlackElo "1963"]
[PlyCount "47"]
[EventDate "2017.08.22"]
[EventType "swiss"]
[EventRounds "9"]
[EventCountry "ESP"]
[SourceTitle "Ajedrez en Madrid"]
[Source "lmi"]
[SourceDate "2017.08.22"]
[SourceVersion "1"]
[SourceVersionDate "2018.03.05"]
[SourceQuality "1"]

1. d4 d5 2. c4 c6 3. Nc3 dxc4 4. Nf3 Nf6 5. a4 Bf5 6. Ne5 e6 7. f3 Bb4 8. Nxc4
O-O 9. e4 Bg6 10. Be3 Nbd7 11. Be2 Re8 12. Qb3 a5 13. Rd1 Nb6 14. Ne5 Nfd7 15.
Nxg6 hxg6 16. O-O Qc7 17. Rc1 Rad8 18. g3 Qb8 19. Rfd1 Nc8 20. Kg2 Bd6 21. Bg5
Be7 22. Be3 Bd6 23. Bg5 Be7 24. Be3 1/2-1/2

[Event "34. Abierto Collado Villalba 2017"]
[Site "Collado Villalba ESP"]
[Date "2017.08.29"]
[Round "8.19"]
[White "Rojas Pozo, Jose Luis"]
[Black "Tarrio Ocaña, Jose Manuel"]
[Result "1/2-1/2"]
[WhiteElo "1957"]
[BlackElo "1869"]
[PlyCount "62"]
[EventDate "2017.08.22"]
[EventType "swiss"]
[EventRounds "9"]
[EventCountry "ESP"]
[SourceTitle "Ajedrez en Madrid"]
[Source "lmi"]
[SourceDate "2017.08.22"]
[SourceVersion "1"]
[SourceVersionDate "2018.03.05"]
[SourceQuality "1"]

1. d4 d5 2. c4 c6 3. Nc3 Nf6 4. Bg5 e6 5. e3 Nbd7 6. Nf3 Be7 7. Qc2 O-O 8. Rc1
h6 9. Bh4 a6 10. cxd5 exd5 11. Be2 Ne4 12. Bxe7 Qxe7 13. Nd2 f5 14. O-O Nxd2
15. Qxd2 Nf6 16. Bd3 Ne4 17. Qc2 Bd7 18. Rfe1 Rae8 19. Re2 Qg5 20. Rce1 Re7 21.
Qb3 Bc8 22. f3 Nxc3 23. bxc3 Kh8 24. Qc2 Rfe8 25. e4 fxe4 26. fxe4 dxe4 27.
Rxe4 Rxe4 28. Rxe4 Rxe4 29. Bxe4 Qe3+ 30. Kf1 Qf4+ 31. Kg1 Qe3+ 1/2-1/2

[Event "34. Abierto Collado Villalba 2017"]
[Site "Collado Villalba ESP"]
[Date "2017.08.29"]
[Round "8.20"]
[White "Lopez Ziegler, Carlos"]
[Black "Cardena Contreras, Javier"]
[Result "1-0"]
[WhiteElo "1852"]
[BlackElo "1925"]
[PlyCount "55"]
[EventDate "2017.08.22"]
[EventType "swiss"]
[EventRounds "9"]
[EventCountry "ESP"]
[SourceTitle "Ajedrez en Madrid"]
[Source "lmi"]
[SourceDate "2017.08.22"]
[SourceVersion "1"]
[SourceVersionDate "2018.03.05"]
[SourceQuality "1"]

1. e4 c5 2. Nc3 Nc6 3. Bb5 Nd4 4. Nf3 Nxb5 5. Nxb5 g6 6. d4 d6 7. Nc3 cxd4 8.
Qxd4 Nf6 9. e5 Ng8 10. Be3 Bg7 11. O-O-O Nh6 12. Qd2 Nf5 13. Bf4 h5 14. h3 e6
15. Ne4 d5 16. Bg5 Qc7 17. Nf6+ Bxf6 18. Bxf6 Rg8 19. g4 hxg4 20. hxg4 Ne7 21.
Rh7 Qc4 22. Ng5 Rf8 23. Qa5 Nc6 24. Qc7 Bd7 25. c3 Rc8 26. Qd6 Qf4+ 27. Kb1
Qxg4 28. Qxf8+ 1-0

[Event "34. Abierto Collado Villalba 2017"]
[Site "Collado Villalba ESP"]
[Date "2017.08.29"]
[Round "8.21"]
[White "Andrade Sandoval, Jim Carlos"]
[Black "Perez Cameselle, Francisco Jose"]
[Result "1-0"]
[WhiteElo "1947"]
[BlackElo "1789"]
[PlyCount "99"]
[EventDate "2017.08.22"]
[EventType "swiss"]
[EventRounds "9"]
[EventCountry "ESP"]
[SourceTitle "Ajedrez en Madrid"]
[Source "lmi"]
[SourceDate "2017.08.22"]
[SourceVersion "1"]
[SourceVersionDate "2018.03.05"]
[SourceQuality "1"]

1. d4 Nf6 2. Nf3 e6 3. Bf4 b6 4. e3 Bb7 5. Bd3 c5 6. c3 Nc6 7. Nbd2 Be7 8. Ne5
d6 9. Nxc6 Bxc6 10. Nf3 O-O 11. O-O Ne4 12. Nd2 f5 13. f3 Nxd2 14. Qxd2 Bf6 15.
Rad1 e5 16. dxe5 dxe5 17. Bg3 Qc8 18. Qc2 g6 19. Rd2 Kg7 20. Rfd1 Qc7 21. b4
Rad8 22. a4 Qe7 23. e4 Bg5 24. Re2 fxe4 25. Bxe4 Bxe4 26. Rxe4 Rxd1+ 27. Qxd1
Bf4 28. Qe1 Qd6 29. Rxe5 Bxg3 30. hxg3 cxb4 31. cxb4 Qd4+ 32. Kh2 Rf7 33. Re8
Rf8 34. Re4 Qf6 35. a5 bxa5 36. bxa5 Rf7 37. Re6 Qg5 38. Qc3+ Kh6 39. Re4 Qf6
40. Qxf6 Rxf6 41. Re7 a6 42. g4 g5 43. Rb7 Kg6 44. Kg3 h5 45. gxh5+ Kxh5 46.
Rb6 Kg6 47. Kg4 Kg7 48. Kxg5 Rf7 49. Rxa6 Rc7 50. f4 1-0

[Event "34. Abierto Collado Villalba 2017"]
[Site "Collado Villalba ESP"]
[Date "2017.08.29"]
[Round "8.22"]
[White "Fernandez Garcia, Ignacio"]
[Black "Rodriguez Yague, Fermin"]
[Result "1-0"]
[WhiteElo "1876"]
[BlackElo "1643"]
[PlyCount "89"]
[EventDate "2017.08.22"]
[EventType "swiss"]
[EventRounds "9"]
[EventCountry "ESP"]
[SourceTitle "Ajedrez en Madrid"]
[Source "lmi"]
[SourceDate "2017.08.22"]
[SourceVersion "1"]
[SourceVersionDate "2018.03.05"]
[SourceQuality "1"]

1. e4 c5 2. Nc3 e6 3. f4 g6 4. Nf3 Bg7 5. d3 Nc6 6. Ne2 Nge7 7. c3 O-O 8. Ng3
d5 9. e5 b6 10. h4 h5 11. Ng5 f6 12. exf6 Bxf6 13. Nxh5 Bxg5 14. hxg5 Nf5 15.
Nf6+ Rxf6 16. gxf6 Qxf6 17. Qf3 Bb7 18. Qh3 Qg7 19. g4 Nd6 20. Bg2 b5 21. Qh2
b4 22. f5 Qe5+ 23. Qxe5 Nxe5 24. fxg6 Nxg6 25. Bd2 Ne5 26. Rh3 Rf8 27. cxb4 c4
28. dxc4 Nexc4 29. Rf3 Nxb2 30. Rxf8+ Kxf8 31. a4 Nd3+ 32. Ke2 Nb2 33. b5 Kf7
34. Bf4 Nbc4 35. Rf1 Kg6 36. Bc1 e5 37. Rh1 e4 38. Rh5 d4 39. Rh6+ Kg7 40. Bf4
d3+ 41. Kf1 e3 42. Bxb7 Nd2+ 43. Ke1 Nxb7 44. Bxe3 Nf3+ 45. Kd1 1-0

[Event "34. Abierto Collado Villalba 2017"]
[Site "Collado Villalba ESP"]
[Date "2017.08.29"]
[Round "8.24"]
[White "Sanchez Rodenas, Jose Antonio"]
[Black "Tevar Sanz, Gonzalo"]
[Result "0-1"]
[WhiteElo "1627"]
[BlackElo "1749"]
[PlyCount "87"]
[EventDate "2017.08.22"]
[EventType "swiss"]
[EventRounds "9"]
[EventCountry "ESP"]
[SourceTitle "Ajedrez en Madrid"]
[Source "lmi"]
[SourceDate "2017.08.22"]
[SourceVersion "1"]
[SourceVersionDate "2018.03.05"]
[SourceQuality "1"]

1. e4 d6 2. Nc3 Nf6 3. Nf3 e5 4. Bc4 Be7 5. O-O O-O 6. d4 Nbd7 7. dxe5 Nxe5 8.
Nxe5 dxe5 9. Bg5 c6 10. Qxd8 Rxd8 11. Rad1 Bg4 12. f3 Bh5 13. Rxd8+ Rxd8 14.
Rd1 Rxd1+ 15. Nxd1 Bc5+ 16. Be3 Bxe3+ 17. Nxe3 Kf8 18. Nf5 Ne8 19. Kf2 Bg6 20.
Ne3 Nd6 21. Bd3 f6 22. b3 Ke7 23. c4 b6 24. b4 Bf7 25. a3 g6 26. Ke2 Nb7 27.
Kd2 Nd8 28. b5 cxb5 29. Nd5+ Bxd5 30. cxd5 a6 31. a4 Nb7 32. axb5 a5 33. Kc3
Kd6 34. Kc4 h5 35. g3 g5 36. h4 Ke7 37. hxg5 fxg5 38. Bf1 Nd6+ 39. Kc3 Kf6 40.
Kd2 h4 41. gxh4 gxh4 42. Ke3 Kg5 43. Kd3 Kf4 44. Ke2 0-1

[Event "34. Abierto Collado Villalba 2017"]
[Site "Collado Villalba ESP"]
[Date "2017.08.30"]
[Round "9.1"]
[White "Moreno Ruiz, Javier"]
[Black "Martin Duque, Jesus"]
[Result "1-0"]
[WhiteElo "2460"]
[BlackElo "2386"]
[PlyCount "105"]
[EventDate "2017.08.22"]
[EventType "swiss"]
[EventRounds "9"]
[EventCountry "ESP"]
[SourceTitle "Ajedrez en Madrid"]
[Source "lmi"]
[SourceDate "2017.08.22"]
[SourceVersion "1"]
[SourceVersionDate "2018.03.05"]
[SourceQuality "1"]

1. d4 Nf6 2. c4 Nc6 3. Nc3 e5 4. d5 Ne7 5. Nf3 Ng6 6. h4 h5 7. Bg5 Bc5 8. e3 d6
9. Qc2 Bd7 10. Bd3 Ne7 11. Bxf6 gxf6 12. Ne4 Nc8 13. Ng3 Ne7 14. Nd2 Bb4 15.
Be2 Bxd2+ 16. Qxd2 Bg4 17. Qd1 f5 18. f3 f4 19. exf4 exf4 20. Qd4 Ng6 21. fxg4
fxg3 22. g5 c5 23. dxc6 Qa5+ 24. Qd2 Qxd2+ 25. Kxd2 bxc6 26. Raf1 Rb8 27. b3 c5
28. Rf3 a5 29. Rxg3 Ke7 30. Re3+ Ne5 31. Rf1 a4 32. Kc3 axb3 33. axb3 Rbf8 34.
Rf6 Rfg8 35. Bf3 Rg6 36. Rf5 Ke6 37. Be4 Rg7 38. Rf1 Ke7 39. Bd5 Rf8 40. Re2
Rd8 41. Ra2 Rd7 42. Ra8 Rd8 43. Rxd8 Kxd8 44. Rf6 Rg6 45. Rxf7 Nxf7 46. Bxf7
Rg7 47. g6 Ke7 48. Kd3 Kf6 49. Ke4 Ke7 50. Kf5 Kf8 51. Kg5 Ke7 52. Kxh5 Kf6 53.
Kh6 1-0